| LEADER | 00681nam a22001937a 4500 | ||
|---|---|---|---|
| 001 | c000103413 | ||
| 003 | CARM | ||
| 005 | 19990420165250.0 | ||
| 008 | 990420s1955 enk 000 1 eng d | ||
| 019 | 1 | |a 20005006 |5 LACONCORD2021 | |
| 035 | |a (OCoLC)222505102 |5 LACONCORD2021 | ||
| 040 | |a VCAV |b eng |c VCAV | ||
| 100 | 1 | |a Stout, Rex, |d 1886-1975. | |
| 245 | 1 | 0 | |a Three men out / |c by Rex Stout. |
| 260 | |a London : |b Crime Club , |c 1955. | ||
| 300 | |a 192 p. | ||
| 852 | 8 | |b CARM |h A2:AJ28G0 |i A02469 |p 0159487 |f BK | |
| 999 | f | f | |i f14a9180-3ac2-5bae-b093-5041d78c1324 |s 58ea9614-9526-55a9-9a3d-8ef2a52df26c |
| 952 | f | f | |p Can circulate |a CAVAL |b CAVAL |c CAVAL |d CARM 1 Store |e A02469 |f A2:AJ28G0 |h Other scheme |i book |m 0159487 |